书目信息 |
| 题名: |
反脆弱
|
|
| 作者: | 塔勒布 著 ;雨珂 译 | |
| 分册: | ||
| 出版信息: | 北京 中信出版集团股份有限公司 2020 |
|
| 页数: | 35,428页 | |
| 开本: | 23cm | |
| 丛书名: | 塔勒布“不确定性”系列丛书 | |
| 单 册: | ||
| 中图分类: | F11-49 | |
| 科图分类: | ||
| 主题词: | 世界经济--通俗读物 | |
| 电子资源: | ||
| ISBN: | 978-7-5217-1397-8 | |
| 000 | 01137oam2 2200277 450 | |
| 001 | 2166630698 | |
| 005 | 20210407183039.41 | |
| 010 | @a978-7-5217-1397-8@dCNY79.00 | |
| 100 | @a20200622d2020 em y0chiy50 ea | |
| 101 | 1 | @achi@ceng |
| 102 | @aCN@b110000 | |
| 105 | @aa z 000yy | |
| 200 | 1 | @a反脆弱@9fan cui ruo@e从不确定性中获益@dAntifragile@ethings that gain from disorder@f(美)纳西姆·尼古拉斯·塔勒布(Nassim Nicholas Taleb)著@g雨珂译@zeng |
| 205 | @a2版 | |
| 210 | @a北京@c中信出版集团股份有限公司@d2020 | |
| 215 | @a35,428页@c图@d23cm | |
| 225 | 1 | @a塔勒布“不确定性”系列丛书 |
| 330 | @a本书涵盖了诸多议题,包括试错法、生活中的决策、政治、城市规划、战争、个人理财、经济体系和医学领域。除了布鲁克林的胖子托尼的市井智慧,源自古罗马、古希腊、闪米特与中世纪的声音和经验也贯穿全文。 | |
| 461 | 0 | @12001 @a塔勒布“不确定性”系列丛书 |
| 510 | 1 | @aAntifragile@ethings that gain from disorder@zeng |
| 606 | 0 | @a世界经济@j通俗读物 |
| 690 | @aF11-49@v5 | |
| 701 | 0 | @c(美)@a塔勒布@9ta lei bu@c(Taleb, Nassim Nicholas@f1960-)@4著 |
| 702 | 0 | @a雨珂@9yu ke@4译 |
| 801 | 0 | @aCN@b91MARC@c20200622 |
| 905 | @aZUCC@dF11-49@e3 | |
| 反脆弱:从不确定性中获益=Antifragile:things that gain from disorder/(美)纳西姆·尼古拉斯·塔勒布(Nassim Nicholas Taleb)著/雨珂译.-2版.-北京:中信出版集团股份有限公司,2020 |
| 35,428页:图;23cm.-(塔勒布“不确定性”系列丛书) |
| ISBN 978-7-5217-1397-8:CNY79.00 |
| 本书涵盖了诸多议题,包括试错法、生活中的决策、政治、城市规划、战争、个人理财、经济体系和医学领域。除了布鲁克林的胖子托尼的市井智慧,源自古罗马、古希腊、闪米特与中世纪的声音和经验也贯穿全文。 |
| ● |
| 相关链接 |
|
|
|
正题名:反脆弱
索取号:F11-49/3
 
预约/预借
| 序号 | 登录号 | 条形码 | 馆藏地/架位号 | 状态 | 备注 |
| 1 | 2000880289 | 2000880289 | 第二书库/ [索取号:F11-49/3] | 在馆 | |
| 2 | 2000880290 | 2000880290 | 第二书库/ [索取号:F11-49/3] | 在馆 | |
| 3 | 2000880291 | 2000880291 | 第二书库/ [索取号:F11-49/3] | 在馆 |